Statistics for Top 10 Biggest Landlocked Countries by Area

Click here to take the quiz!

General Stats

  • This quiz has been taken 77 times
  • The average score is 8 of 10

Answer Stats

AreaCountry% Correct
2.724.900Kazakhstan
91%
1.564.100Mongolia
90%
1.284.000Chad
88%
1.267.000Niger
88%
1.098.581Bolivia
85%
1.240.192Mali
81%
622.984Central African Republic
76%
647.500Afghanistan
64%
752.612Zambia
58%
1.104.300Ethiopia
54%

Score Distribution

Percentile by Number Answered

Percent of People with Each Score

Your Score History

You have not taken this quiz